Real Housewives of Atlanta Cast - Statistics

General Stats
  • This quiz has been taken 112 times
  • The average score is 14 of 17
Answer Stats
Seasons Answer % Correct
1-7, 10-12 Nene Leakes
100%
8 Kim Fields
97%
1-5 Kim Zolciak-Biermann
97%
2- Kandi Burruss
95%
3-13 Cynthia Bailey
93%
5-10, 12- Kenya Moore
92%
5-6, 8-13 Porsha Williams
92%
3-9 Phaedra Parks
90%
1-4, 9-10, 14- Shereé Whitfield
89%
1-2 Lisa Wu
80%
11-12 Eva Marcille
74%
14- Marlo Hampton
70%
1 DeShawn Snow
66%
13- Drew Sidora
62%
7 Claudia Jordan
59%
14- Sanya Richards-Ross
49%
11 Shamari DeVoe
49%
No matching quizzes found
Score Distribution
Percent of People with Each Score
Percentile by Number Answered
Your Score History
You have not taken this quiz